Kannugala rakshane. (Record no. 95226)

MARC details
000 -LEADER
fixed length control field 00574nam a2200217Ia 4500
003 - CONTROL NUMBER IDENTIFIER
control field OSt
005 - DATE AND TIME OF LATEST TRANSACTION
control field 20260507123716.0
008 - FIXED-LENGTH DATA ELEMENTS--GENERAL INFORMATION
fixed length control field 210210b1991 xxu||||| |||| 00| 0 eng d
040 ## - CATALOGING SOURCE
Transcribing agency AL
041 ## - LANGUAGE CODE
Language code of text/sound track or separate title Kannada
082 ## - DEWEY DECIMAL CLASSIFICATION NUMBER
Classification number 617.7K SUHK
100 ## - MAIN ENTRY--PERSONAL NAME
Personal name SUHASA.
Dates associated with a name ಸುಹಾಸ
9 (RLIN) 263474
245 ## - TITLE STATEMENT
Title Kannugala rakshane.
Remainder of title ಕಣ್ಣುಗಳ ರಕ್ಷಣೆ
260 ## - PUBLICATION, DISTRIBUTION, ETC.
Place of publication, distribution, etc. Bengaluru.
Name of publisher, distributor, etc. Santosh Pablikeshans,
Date of publication, distribution, etc. 1991
300 ## - PHYSICAL DESCRIPTION
Extent 28
650 ## - SUBJECT ADDED ENTRY--TOPICAL TERM
Topical term or geographic name entry element rakshane.
9 (RLIN) 263475
650 ## - SUBJECT ADDED ENTRY--TOPICAL TERM
Topical term or geographic name entry element Kannugala
9 (RLIN) 263476
690 ## - LOCAL SUBJECT ADDED ENTRY--TOPICAL TERM (OCLC, RLIN)
Topical term or geographic name as entry element Surgery
9 (RLIN) 263477
906 ## - LOCAL DATA ELEMENT F, LDF (RLIN)
a 045804
942 ## - ADDED ENTRY ELEMENTS (KOHA)
Source of classification or shelving scheme Dewey Decimal Classification
Koha item type Book
Holdings
Withdrawn status Lost status Damaged status Not for loan Collection code Home library Current library Shelving location Date acquired Cost, normal purchase price Total Checkouts Full call number Barcode Date last seen Price effective from Koha item type
          St Aloysius Library St Aloysius Library   02/17/2021 5.00   617.7K SUHK 045804 02/17/2021 02/17/2021 Book